Dueños del mar, señores del mundo : (Record no. 185301)
[ view plain ]
| 000 -LEADER | |
|---|---|
| campo de control de longitud fija | 01518nam a2200313 i 4500 |
| 001 - NÚMERO DE CONTROL | |
| campo de control | 185301 |
| 003 - IDENTIFICADOR DE NÚMERO DE CONTROL | |
| campo de control | SpMaBN |
| 005 - FECHA Y HORA DE LA ÚLTIMA TRANSACCIÓN | |
| campo de control | 20250804063443.0 |
| 008 - DATOS DE LONGITUD FIJA--INFORMACIÓN GENERAL | |
| campo de control de longitud fija | 160510s2015 sp abo c |||| | spa d |
| 020 ## - NÚMERO INTERNACIONAL ESTÁNDAR DEL LIBRO | |
| Número Internacional Estándar del Libro | 978-84-9091-128-0 |
| 080 ## - NÚMERO DE LA CLASIFICACIÓN DECIMAL UNIVERSAL | |
| Número de la Clasificación Decimal Universal | 528.9(460)(091)(083.824) |
| 080 ## - NÚMERO DE LA CLASIFICACIÓN DECIMAL UNIVERSAL | |
| Número de la Clasificación Decimal Universal | 912:551.46(460)(091)(083.824) |
| 245 00 - MENCIÓN DEL TÍTULO | |
| Título | Dueños del mar, señores del mundo : |
| Resto del título | historia de la cartografía náutica española : [Museo Naval, Madrid, 17 de diciembre de 2015-27 de marzo de 2016] / |
| Mención de responsabilidad, etc. | [comisario, José María Moreno Martín ; textos, José María Moreno Martín, Antonio Sánchez Martínez, Carmen Líter Mayayo ... et al.] |
| 260 ## - PUBLICACIÓN, DISTRIBUCIÓN, ETC. | |
| Lugar de publicación, distribución, etc. | [Madrid] : |
| Nombre del editor, distribuidor, etc. | Ministerio de Defensa, |
| Fecha de publicación, distribución, etc. | 2015 |
| 300 ## - DESCRIPCIÓN FÍSICA | |
| Extensión | 284 páginas : |
| Otras características físicas | ilustraciones (blanco y negro y color), mapas ; |
| Dimensiones | 28 cm |
| 504 ## - NOTA DE BIBLIOGRAFÍA, ETC. | |
| Nota de bibliografía, etc. | Bibliografía: páginas [269]-[284] |
| 650 #7 - PUNTO DE ACCESO ADICIONAL DE MATERIA--TÉRMINO DE MATERIA | |
| Término de materia o nombre geográfico como elemento de entrada | Cartografía- |
| Subdivisión geográfica | España- |
| Subdivisión de forma | Historia- |
| -- | Exposiciones |
| 9 (RLIN) | 159532 |
| 650 #7 - PUNTO DE ACCESO ADICIONAL DE MATERIA--TÉRMINO DE MATERIA | |
| Término de materia o nombre geográfico como elemento de entrada | Cartas náuticas- |
| Subdivisión geográfica | España- |
| Subdivisión de forma | Exposiciones |
| 9 (RLIN) | 159533 |
| 655 #7 - TERMINO DE INDIZACIÓN--GENERO/FORMA | |
| Datos o término principal de género/forma | Catálogos de exposiciones |
| Fuente del término | tgfbne |
| 9 (RLIN) | 193628 |
| 700 1# - ENTRADA AGREGADA--NOMBRE PERSONAL | |
| Nombre de persona | Moreno Martín, José María. |
| Término indicativo de función/relación | Comisario |
| -- | Autor |
| 9 (RLIN) | 144233 |
| 700 1# - ENTRADA AGREGADA--NOMBRE PERSONAL | |
| Nombre de persona | Sánchez Martínez, Antonio, |
| Fechas asociadas al nombre | 1971- |
| Término indicativo de función/relación | Autor |
| 9 (RLIN) | 159534 |
| 700 1# - ENTRADA AGREGADA--NOMBRE PERSONAL | |
| Nombre de persona | Líter Mayayo, Carmen |
| Término indicativo de función/relación | Autor |
| 9 (RLIN) | 72569 |
| 710 2# - ENTRADA AGREGADA--NOMBRE DE ENTIDAD CORPORATIVA | |
| Nombre de entidad corporativa o nombre de jurisdicción como elemento de entrada | Museo Naval (Madrid) |
| Término indicativo de función/relación | Sede |
| 9 (RLIN) | 5906 |
| 710 1# - ENTRADA AGREGADA--NOMBRE DE ENTIDAD CORPORATIVA | |
| Nombre de entidad corporativa o nombre de jurisdicción como elemento de entrada | España. |
| Unidad subordinada | Ministerio de Defensa |
| Término indicativo de función/relación | Editor |
| 9 (RLIN) | 3853 |
| 852 ## - LOCALIZACIÓN | |
| Ubicación | ES-MaACL |
| Sublocalización o colección | R.151109 |
| Ubicación en estantería | Depósito 1 |
| Signatura antigua | Olim: N-6746 |
| Donativo/Legado | Donación Ministerio de Defensa |
| Número de control de estantería | A-13746 |
| itemnumber | 13746 |
| 942 ## - ELEMENTOS DE ENTRADA SECUNDARIOS (KOHA) | |
| Fuente del sistema de clasificación o colocación | Clasificación decimal universal |
| Tipo de ítem Koha | Libro impreso |
| Suprimir en OPAC | No |
| Estatus retirado | Estado de pérdida | Fuente del sistema de clasificación o colocación | Estado de daño | No para préstamo | Biblioteca de origen | Biblioteca actual | Ubicación en estantería | Fecha de adquisición | Fuente de adquisición | Total de préstamos | Signatura topográfica completa | Código de barras | Visto por última vez | Tipo de ítem Koha |
|---|---|---|---|---|---|---|---|---|---|---|---|---|---|---|
| Clasificación decimal universal | Biblioteca del Ateneo de Madrid | Biblioteca del Ateneo de Madrid | Depósito 1 | 10/05/2016 | Donación | A-13746 | 1195228 | 23/02/2023 | Libro impreso |
